00559nam a2200193Ia 4500003000400000005001700004008004100021020002900062040001700091082002400108100002000132245006300152260005500215300001800270440003100288650001200319700001500331700001900346IIN20240129150331.0231217s9999 xx 000 0 und d cRs.600.00a9789382076797 aIINbEnglish a611 bSIN1 aSingh, Vishram 1 aThieme DissectorcVishram Singh, G.P. Pal and S.D. Gangane bThieme Medical and ScientificaUttar Pradeshc2016 axliii, 176 p. aUpper Limb and ThoraxvV.11 aAnatomy1 aPal, G.P. 1 aGangane, S.D.